00336nam a22001217a 450000500170000000800410001704000130005808200200007110000170009124500510010826000440015930000110020320210619084445.0210619b ||||| |||| 00| 0 eng d cPK-LaUMT a346.0026bIFR-M aIfran Akhtar aManual of civil courts laws /cby Ifraz Akhtar aLahore :bCapital Law Publishers,c2021 a304 p.